| 000 | 00529nam a22001937a 4500 | ||
|---|---|---|---|
| 003 | OSt | ||
| 005 | 20241128094241.0 | ||
| 008 | 241128b |||||||| |||| 00| 0 eng d | ||
| 020 | _a0748713050 | ||
| 040 | _cmust | ||
| 082 | _2621.38 | ||
| 100 | _4Turner,David | ||
| 245 |
_aPractical exercises in microelectronics/ _cDavid Turner |
||
| 260 |
_aBritain: _bStanely Thornes; _cc1992. |
||
| 300 |
_ax,134p.; _bill.: _c26cm. |
||
| 500 | _aIcludes index | ||
| 650 | _2practical exercises in Microelectronics. | ||
| 942 |
_2ddc _cB_BANK |
||
| 999 |
_c9486 _d9486 |
||